| 000 | 00357nam a22001337a 4500 | ||
|---|---|---|---|
| 040 | _cNUST | ||
| 082 |
_a621.437 _bMOD |
||
| 100 |
_aRodriguez, Charles L _9118666 |
||
| 245 |
_aPiston Engine : _bModule 16 / _cCharles L. Rodriguez |
||
| 260 |
_aUnited States : _bAircraft Technical Book Company; _c2015. |
||
| 300 | _a371p. | ||
| 521 | _bHB | ||
| 942 |
_2ddc _cBK |
||
| 999 |
_c606848 _d606848 |
||